Online
Catalog
Normal view MARC view

Entry Término temático

Number of records used in: 11

001 - NÚMERO DE CONTROL

  • campo de control: 2999

003 - IDENTIFICADOR DEL NÚMERO DE CONTROL

  • campo de control: BNPHU

005 - FECHA Y HORA DE LA ÚLTIMA TRANSACCIÓN

  • campo de control: 20260417174403.0

008 - DATOS DE LONGITUD FIJA

  • campo de control de longitud fija: 200615|| aca||aabn | a|a d

040 ## - FUENTE DE LA CATALOGACIÓN

  • Centro catalogador/agencia de origen: DO-SdBNP
  • Lengua de catalogación: spa
  • Centro/agencia transcriptor: BNPHU
  • Normas de descripción: rda

150 ## - ENCABEZAMIENTO--TÉRMINO DE MATERIA

  • Término de materia o nombre geográfico como elemento de entrada: Documentos diplomáticos

450 ## - TRAZADO DE VÉASE--TÉRMINO DE MATERIA

  • Término de materia o nombre geográfico como elemento de entrada: Correspondencia diplomática

550 ## - TRAZADO VÉASE ADEMÁS--TÉRMINO DE MATERIA

  • Término de materia o nombre geográfico como elemento de entrada: Diplomacia
  • Subcampo de control: g

550 ## - TRAZADO VÉASE ADEMÁS--TÉRMINO DE MATERIA

  • Término de materia o nombre geográfico como elemento de entrada: Servicio diplomático y consular
  • Subcampo de control: g

550 ## - TRAZADO VÉASE ADEMÁS--TÉRMINO DE MATERIA

  • Término de materia o nombre geográfico como elemento de entrada: Derecho internacional
  • Subcampo de control: g

550 ## - TRAZADO VÉASE ADEMÁS--TÉRMINO DE MATERIA

  • Término de materia o nombre geográfico como elemento de entrada: Relaciones internacionales
  • Subcampo de control: g

670 ## - FUENTE DE DATOS ENCONTRADOS

  • Cita de la fuente: Work cat.: (OSt)840: Morales Lama, Manuel 2998, Diplomacia contemporánea :, 1997.

670 ## - FUENTE DE DATOS ENCONTRADOS

  • Identificador Uniforme del Recurso: https://librunam.dgb.unam.mx:8443/F/U1DAD54ISEKY51K4676UUNBICUAB5GXBH92VRG79QRNS3VL37P-06255?func=full-set-set&set_number=018091&set_entry=000003&format=001 Condultado en 17 de Abril, 2026

680 ## - NOTA GENERAL PÚBLICA

  • Texto explicativo: Aquí se asientan las obras sobre características y manejo de la correspondencia diplomática en general y desde el punto de vista del derecho internacional. Las colecciones de documentos diplomáticos aparecen bajo la materia a la cual se refieren. Manuales sobre la correspondencia diplomática de un país en particular se asientan bajo la oficina de relaciones exteriores de ese país con la subdivisión
  • Encabezamiento o término de subdivisión: Documentos y correspondencia
  • Texto explicativo: por ejemplo |a Estados Unidos. Department of State--Documentos y correspondencia

750 0# - ENTRADA DE ENLACE DE ENCABEZAMIENTO ESTABLECIDO--TÉRMINO DE MATERIA

  • Número de control del registro de autoridad o número normalizado: sh 85038187
  • Término de materia o nombre geográfico como elemento de entrada: Diplomatic documents

Powered by Koha